000 00302nam a22001097a 4500
008 160613b xxu||||| |||| 00| 0 eng d
020 _a0131432346
041 _aeng
080 _a618.2
245 _aMedical surgical nursing / Critical thinking in client care:
_cJoyce Hammer; Edna Hull;
942 _2udc
_cBK
999 _c2479
_d2479